Najpopularniejsze numery Rap/Trap tygodnia. 05-11.03 - Statystyki

Ogólne statystyki
  • Ten quiz został rozwiązany 12 razy
  • Średni wynik to 13 z 30
Statystyki odpowiedzi
Wykonawca Wyświetlenia Utwór % Poprawnych
Ekipa ~ 11.53M 3KIPA
92%
Young Leosia 1.49M Szklanki
92%
Guzior 1.51M BLUEBERRY
75%
Guzior ft. Oskar83 1.34M FALA
75%
Kabe 1.02M Nad ranem
67%
Sobel 1.16M Alien
58%
ReTo 575K Billy Kid
58%
Quebonafide ft. Daria Zawiałow 523K BUBBLETEA
58%
Wiatr ft. Sobel, Be Vis 792K Testarossa
58%
Alberto 643K Dwutakt
50%
Kizo ft. Trill Pem 821K Fitness
50%
Żabson ft. Vladimir Cauchemar 566K OBOK
50%
Malik Montana ft. Tovaritch 1.75M Bratan
42%
Cheatz 1.12M gdzie jest stary dawid
42%
Sobel 837K Kinol
42%
Kali x Major 398K Mona Lisa
42%
Sobel 416K To Ja
42%
Qry 463K Bierz do buzi
33%
Wac Toja 431K Kapitan
33%
Kizo ft. Wac Toja 486K Lucky Punch
33%
Bedoes & Lanek 540K TOA$T /
33%
Florek ft. Młodypago, Piluś 547K Buzi
25%
Kubańczyk ft. Popek 1.10M Detox
25%
Żabson ft. Duszyn 496K Patrz na mnie
25%
Kali x Major 571K Si
25%
Kali x Major 491K California
17%
Bedoes & Lanek 449K City Boy
17%
OIO 912K Moonwalk
17%
Kubańczyk 612K Zatańcz ze mną
17%
Intruz 393K Piekielna dycha
8%
Nie znaleziono quizów pasujących do podanych kryteriów
Rozkład punktacji
Procent ludzi z każdym wynikiem
Percentyl według liczby udzielonych odpowiedzi
Twoja historia wyników
Nie rozwiązałeś tego quizu